书目信息 |
| 题名: |
国际关系与国际法
|
|
| 作者: | 梁云祥 著 | |
| 分册: | ||
| 出版信息: | 北京 北京大学出版社 2012 |
|
| 页数: | 355页 | |
| 开本: | 23cm | |
| 丛书名: | ||
| 单 册: | ||
| 中图分类: | D81 , D99 | |
| 科图分类: | ||
| 主题词: | 国际关系--教材 , 国际法--教材 , 国际关系 , 国际法 | |
| 电子资源: | ||
| ISBN: | 978-7-301-20132-9 | |
| 000 | 01222nam0 2200301 450 | |
| 001 | 523 | |
| 005 | 20140905101356.12 | |
| 010 | @a978-7-301-20132-9@dCNY40.00 | |
| 100 | @a20120425d2012 em y0chiy50 ea | |
| 101 | 0 | @achi |
| 102 | @aCN@b110000 | |
| 105 | @ay z 000yy | |
| 106 | @ar | |
| 200 | 1 | @a国际关系与国际法@AGuo Ji Guan Xi Yu Guo Ji Fa@dInternational relations and international law@f梁云祥著@FLiang Yun Xiang Zhu@zeng |
| 210 | @a北京@c北京大学出版社@d2012 | |
| 215 | @a355页@d23cm | |
| 300 | @a21世纪政治学规划教材 国际政治系列 | |
| 330 | @a本书内容涵盖了国际关系的演变与国际法基本原则、国际关系的行为体与国际法的主体、国家的实力地位与其基本权利、国家对个人的管辖及其国际法上的居民、国际社会的人权问题与国际人权法、国家的管辖空间与国际法上的领土、人类航空航天技术的进步与国际空间法、外交与领事关系及其国际法律制度、国际交往与条约、国际关系中的战争与和平问题等。 | |
| 510 | 1 | @aInternational relations and international law@zeng |
| 606 | 0 | @a国际关系@j教材 |
| 606 | 0 | @a国际法@j教材 |
| 606 | 0 | @a国际关系 |
| 606 | 0 | @a国际法 |
| 690 | @aD81@v5 | |
| 690 | @aD99@v5 | |
| 701 | 0 | @a梁云祥@ALiang Yun Xiang@C(国际关系)@4著 |
| 801 | 0 | @aCN@bTANGWEI@c20140603 |
| 905 | @b0840632-34@dD81@e108@f3 | |
| 国际关系与国际法=International relations and international law/梁云祥著.-北京:北京大学出版社,2012 |
| 355页;23cm |
| 21世纪政治学规划教材 国际政治系列 |
| ISBN 978-7-301-20132-9:CNY40.00 |
| 本书内容涵盖了国际关系的演变与国际法基本原则、国际关系的行为体与国际法的主体、国家的实力地位与其基本权利、国家对个人的管辖及其国际法上的居民、国际社会的人权问题与国际人权法、国家的管辖空间与国际法上的领土、人类航空航天技术的进步与国际空间法、外交与领事关系及其国际法律制度、国际交往与条约、国际关系中的战争与和平问题等。 |
| ● |
| 相关链接 |
|
|
|
|
正题名:国际关系与国际法
索取号:D81/108
 
预约/预借
| 序号 | 登录号 | 条形码 | 馆藏地/架位号 | 状态 | 备注 |
| 1 | 0840632 | 208406321 | 第一样本阅览室/ [索取号:D81/108] | 在馆 | |
| 2 | 0840633 | 208406330 | 密集书库-史法系/ [索取号:D81/108] | 在馆 | |
| 3 | 0840634 | 208406349 | 第一借阅区/ [索取号:D81/108] | 在馆 |